1024 1943 1914 1153 1605 1233 1170 1500 1328 1654 1921 1427 1907 1730 1816 1920 1537 1437 1448 1277 1238 1867 1586 1345 1775 1587 1409 1855 1302 1582 1583 1958 1364 1570 1985 1866 1357 1632 1100 1858 1976 1571 1459 1700 1009 1879 1783 1712 1230 1960 1128 1438 1558 1429 1045 1534 1731 1406 1531 1950 1387 1133 1664 1317 1127 1109 1101 1742 1617 1319 1456 1684 1958 1376 1195 1028 1153 1753 1007 1712 1346 1390 1370 1108 1302 1649 1280 1945 1423 1726 1646 1201 1917 1616 1023 1057 1150 1819 1579 BCNSPRNW ULIB Ver.6.0+V

เปลี่ยนเป็นภาษาไทย

Change to English
 แสดงรายละเอียดบรรณานุกรม
  กลับหน้าหลัก

Brief Record : Get Marc (ISO 2709) : E-mail record : QR code < ปิดหน้าต่าง
LEADER : 00000nam 2200000uu 4500
001    13399128417
003     ULIB
008    020711s2565 th a 000 0 tha d
020    ^a9786160455591
060    ^aWM171^bช296ซ
100    ^aชไวเกอร์ อัลริช
245    ^aซึมเศร้าใครว่าไม่อันตราย รีบรักษา อย่าเพิกเฉย/^cชไวเกอร์ อัลริช
250    ^aพิมพ์ครั้งที่ 1
260    ^aกรุงเทพฯ :^bนานมีบุ๊คส์,^c2565
300    ^a208 หน้า;^b19 ซม.
650    ^aโรคซึมเศร้า
650    ^aความซึมเศร้า
650    ^aภาวะซึมเศร้า
945    ^p245^l0^i010130
945    ^p245^l0^i010131
945    ^p245^l0^i010132
999    ^aประนอม เกษจรัล
รายการนี้ยังไม่มีแท็ก
คุณยังไม่ได้ล็อกอิน คุณสามารถมีกิจกรรมร่วมกับเว็บไซต์ได้ แต่ต้องล็อกอินก่อน ::
  ล็อกอิน

รายการสื่อสารสนเทศ

ลำดับที่ ประเภท เลขเรียก/บาร์โค้ด สถานที่ สถานะ
1. วิทยาศาสตร์การแพทย์ และสุขภาพ
หนังสือสำรอง
สถานะ=หนังสือสำรอง
WM171 ช296ซ ฉ.1 
  Barcode: 010130
ห้องสมุดวิทยาเขตสวรรค์ประชารักษ์
►หนังสือทั่วไป
บนชั้น
2. วิทยาศาสตร์การแพทย์ และสุขภาพ
วิทยาศาสตร์การแพทย์ และสุขภาพ
WM171 ช296ซ ฉ.2 
  Barcode: 010131
ห้องสมุดวิทยาเขตสวรรค์ประชารักษ์
►หนังสือทั่วไป
บนชั้น
3. วิทยาศาสตร์การแพทย์ และสุขภาพ
วิทยาศาสตร์การแพทย์ และสุขภาพ
WM171 ช296ซ ฉ.3 
  Barcode: 010132
ห้องสมุดวิทยาเขตสวรรค์ประชารักษ์
►หนังสือทั่วไป
บนชั้น

รายการใกล้เคียง
    ผู้แต่ง [ชไวเกอร์ อัลริช]

    หัวเรื่อง [โรคซึมเศร้า]
    หัวเรื่อง [ความซึมเศร้า]
    หัวเรื่อง [ภาวะซึมเศร้า]

BibComment


ยังไม่เคยถูกคอมเมนท์

คอมเมนท์ทรัพยากรรายการนี้
  คอมเมนท์: ซึมเศร้าใครว่าไม..


 Copyright 2026. Bcnsprnw @Library